000 01117nam a22002297a 4500
999 _c17976
_d17976
003 BDDh-ASL
005 20231015025650.0
008 200915b ||||| b||| 00| 0 d
020 _a9840610147
040 _aBDDh-ASL
_cBDDh-ASL
_dBDDh-ASL
041 _abengali
082 _a297.5492
_bBAB
100 _9793
_aবাকী, মুহাম্মদ আবদুল
245 1 _aবাংলাদেশে আরবী, ফার্সী ও উর্দুতে ইসলামী সাহিত্য চর্চা (১৮০১-১৯৭১)
_cমুহাম্মদ আবদুল বাকী।
246 _aBangladeshe Arabi, Farsi O Urdute Islami Sahitya Charcha.
260 _aঢাকা:
_bইসলামিক ফাউন্ডেশন বাংলাদেশ,
_c২০০৫।
300 _a৩৫২ পৃষ্ঠা:
_c২২ সে. মি.।
504 _aগ্রন্থপঞ্জি সংযুক্ত।
600 _2বাংলাদেশ
650 0 _9794
_aসাহিত্য চর্চা
_xইসলাম ধর্ম
942 _2ddc
_cBK